ბათუმის შოთა რუსთაველის სახელმწიფო უნივერსიტეტის ბიბლიოთეკა

გიორგი სააკაძე : ტრაგედია 4 მოქმედებად (ბიბ.ჩანაწერი № 50938)

000 -LEADER
fixed length control field 00753nam a2200217Ia 4500
001 - CONTROL NUMBER
control field 17895
003 - CONTROL NUMBER IDENTIFIER
control field GE_BSU
008 - FIXED-LENGTH DATA ELEMENTS--GENERAL INFORMATION
fixed length control field 181216s||||||||xx |||||||||||||| ||und||
040 ## - CATALOGING SOURCE
Transcribing agency GE_BSU
080 ## - UNIVERSAL DECIMAL CLASSIFICATION NUMBER
Universal Decimal Classification number 821.353.1-21
100 ## - MAIN ENTRY--PERSONAL NAME
Personal name ვაკელი, იონა (იონა ლუკას ძე მეგრელიძე)
245 ## - TITLE STATEMENT
Title გიორგი სააკაძე : ტრაგედია 4 მოქმედებად
245 ## - TITLE STATEMENT
Statement of responsibility, etc. რედ. ს.ჭილაია
260 ## - PUBLICATION, DISTRIBUTION, ETC.
Place of publication, distribution, etc. თბილისი
260 ## - PUBLICATION, DISTRIBUTION, ETC.
Name of publisher, distributor, etc. საბჭოთა მწერალი
260 ## - PUBLICATION, DISTRIBUTION, ETC.
Date of publication, distribution, etc. 1947
300 ## - PHYSICAL DESCRIPTION
Extent 91გვ. ; 22 სმ
653 ## - INDEX TERM--UNCONTROLLED
Uncontrolled term გიორგი სააკაძე
653 ## - INDEX TERM--UNCONTROLLED
Uncontrolled term ტრაგედია
942 ## - ADDED ENTRY ELEMENTS (KOHA)
Koha item type წიგნი
ეგზემპლარები
Withdrawn status Lost status Damaged status Not for loan Date acquired Barcode Date last seen Price effective from Koha item type
        2018-12-17 22117 2018-12-17 2018-12-17 წიგნი
        2018-12-17 22118 2018-12-17 2018-12-17 წიგნი